000 00607cam a22002053a 4500
001 41752
003 PGUSA
005 20140828083937.0
008 130101s2013||||xxu|||||s|||||000 | eng d
040 _aPGUSA
_beng
042 _adc
100 1 _aThurston, E. Temple
_q(Ernest Temple),
_d1879-1933
245 1 4 _aThe City of Beautiful Nonsense
_h[electronic resource] /
_cE. Temple Thurston
260 _bProject Gutenberg,
_c2013
506 _aPublic domain in the USA.
516 _aElectronic text
830 0 _aProject Gutenberg
_v41752
856 4 0 _uhttp://www.gutenberg.org/ebooks/41752
942 _cEB
999 _c271004
_d271004